000 00582nam a2200229Ia 4500
003 OSt
005 20220924142258.0
006 a|||||r|||| 00| 0
007 ta
008 220923b |||||||| |||| 00| 0 ben d
024 _a301226
037 _cTextual
040 _aARTS
_cARTS
_bben
041 _2ben
_aben
082 _aV44Q72:51y7N31, 157N4
100 _aKaysar Santanu
_9213127
245 0 _aMohammad mortaza
260 _c1994
650 _aHISTORY
942 _hV44Q72:51y7N31, 157N4
_cTEXL
_2CC
999 _c450086
_d450086